Modificaciones de C. Biot y de Könrich para la coloración del bacilo de Koch en los tejidos / (Record no. 67836)
[ view plain ]
| 000 -LEADER | |
|---|---|
| campo de control de longitud fija | 00673nam a2200193 i 4500 |
| 001 - NÚMERO DE CONTROL | |
| campo de control | 67836 |
| 003 - IDENTIFICADOR DE NÚMERO DE CONTROL | |
| campo de control | ES-MaACL |
| 005 - FECHA Y HORA DE LA ÚLTIMA TRANSACCIÓN | |
| campo de control | 20250806065629.0 |
| 007 - CAMPO FIJO DE DESCRIPCIÓN FÍSICA--INFORMACIÓN GENERAL | |
| campo de control de longitud fija | t| |
| 008 - DATOS DE LONGITUD FIJA--INFORMACIÓN GENERAL | |
| campo de control de longitud fija | 040206s1924 sp ||||1| spa d |
| 100 1# - ENTRADA PRINCIPAL--NOMBRE DE PERSONA | |
| Nombre de persona | Gallego, Abelardo. |
| 9 (RLIN) | 53525 |
| 245 10 - MENCIÓN DEL TÍTULO | |
| Título | Modificaciones de C. Biot y de Könrich para la coloración del bacilo de Koch en los tejidos / |
| Mención de responsabilidad, etc. | Abelardo Gallego. |
| 260 ## - PUBLICACIÓN, DISTRIBUCIÓN, ETC. | |
| Lugar de publicación, distribución, etc. | [S.l. : |
| Nombre del editor, distribuidor, etc. | s.n., |
| Fecha de publicación, distribución, etc. | 1924] |
| 300 ## - DESCRIPCIÓN FÍSICA | |
| Extensión | 4 h. ; |
| Dimensiones | 24 cm. |
| 500 ## - NOTA GENERAL | |
| Nota general | Es Separata del: Boletín de la Sociedad Española de Biología, V. XI, Fasc. I-1924, P. 13-20. |
| 650 #7 - PUNTO DE ACCESO ADICIONAL DE MATERIA--TÉRMINO DE MATERIA | |
| Término de materia o nombre geográfico como elemento de entrada | Mycobacterium tuberculosis |
| Fuente del encabezamiento o término | embne |
| 9 (RLIN) | 156808 |
| 852 ## - LOCALIZACIÓN | |
| Ubicación | ES-MaACL |
| Número de control de estantería | 1600-F-8 |
| Estatus retirado | Estado de pérdida | Estado de daño | No para préstamo | Colección | Biblioteca de origen | Biblioteca actual | Ubicación en estantería | Fecha de adquisición | Fuente de adquisición | Total de préstamos | Signatura topográfica completa | Código de barras | Visto por última vez | Precio de reemplazo | Tipo de ítem Koha |
|---|---|---|---|---|---|---|---|---|---|---|---|---|---|---|---|
| Colección de folletos | Biblioteca del Ateneo de Madrid | Biblioteca del Ateneo de Madrid | Depósito folletos | 17/01/2008 | 1600-F-8 | 1071020 | 23/02/2023 | 23/02/2023 | Folleto |
